Les abbés de Cluny (910-1274) - Statistiques

Statistiques générales
  • Ce quiz a été pris 3 fois
  • Le résultat moyen est 7 sur 25
Statistiques - réponses
Hint Réponse % Correct
994-1048 Odilon
100%
926-942 Odon
100%
909-926 Bernon
50%
1163-1173 Étienne
50%
1230-1233 Étienne II
50%
1233-1235 Étienne III
50%
1049-1109 Hugues
50%
1158-1163 Hugues III
50%
1184-1199 Hugues IV
50%
1199-1207 Hugues V
50%
1236-1244 Hugues VI
50%
954-994 Maïeul
50%
942-954 Aymard
0%
1228-1230 Barthélémy
0%
1215-1220 Gérald/Gérard
0%
1177-1180 Guillaume
0%
1207-1215 Guillaume II
0%
1244-1257 Guillaume III
0%
1122-1157 Pierre
0%
1109-1122 Pons
0%
1173-1176 Raoul
0%
1220-1228 Roland
0%
1180-1184 Thibaud
0%
1257-1270 Yves
0%
1270-1295 Yves II
0%
Aucun quiz correspondant
Distribution des résultats
% des personnes avec chaque résultat
Percentile par nombre de réponses
Votre historique - résultats
Vous n’avez pas pris ce quiz